MotoGP Team Weltmeister - Statistiken

Allgemein
  • Dieses Quiz wurde 32 mal gespielt
  • Das Durchschnittsergebnis liegt bei 2 aus 8
Antwortstatistiken
Hint Antwort % Korrekt
2002 Repsol Honda Team
93%
2021 Ducati Lenovo Team
62%
2023 Prima Pramac Racing
38%
2015 Movistar Yamaha MotoGP
24%
2005 Fiat Yamaha Team
14%
2007 Ducati Marlboro Team
3%
2020 Team Suzuki Ecstar
3%
2004 Gauloises Fortuna Yamaha
0%
Keine übereinstimmenden Quizze gefunden
Verteilung der Resultate
Anzahl Personen mit jedem Resultat
Perzentil nach korrekt beantworteten Fragen
Ihre Resultats-Entwicklung
Sie haben dieses Quiz noch nicht gespielt